| 000 | 00761nam a22001937a 4500 | ||
|---|---|---|---|
| 999 |
_c15438 _d15438 |
||
| 003 | AR-CdUCM | ||
| 008 | 190427b ||||| |||| 00| 0 spa d | ||
| 040 |
_aMUNICIPALIDAD PROVINCIAL DEL CUSCO _cBIBLIOTECA MUNICIPAL DEL CUSCO |
||
| 082 |
_a868.5 / _bV34 / 1916 |
||
| 100 |
_aVasquez de Mella, Juan _934507 |
||
| 245 |
_ala neutralidad de España : _bimportante discurso del gran orador español / |
||
| 260 |
_aArequipa : _bTip. Quiroz Hnos, _c1916. |
||
| 300 |
_a63 páginas ; _c15.5 cm. |
||
| 505 | _aContenido: Discurso -- Afirmación regionalista -- Intrigas infantiles -- La patria amenazada -- La responsabilidad de los gobernantes ... | ||
| 650 |
_aDiscurso _92504 |
||
| 650 |
_aComunicación _94985 |
||
| 942 |
_2ddc _cLIBROS |
||
| 945 |
_aacv _d2019-04-27 |
||